Tragedias / (Record no. 10695)
[ view plain ]
| 000 -LEADER | |
|---|---|
| campo de control de longitud fija | 00255nam a2200109Ia 4500 |
| 005 - FECHA Y HORA DE LA ÚLTIMA TRANSACCIÓN | |
| campo de control | 20260328104304.0 |
| 008 - DATOS DE LONGITUD FIJA--INFORMACIÓN GENERAL | |
| campo de control de longitud fija | 260328s9999||||xx |||||||||||||| ||und|| |
| 100 ## - ENTRADA PRINCIPAL--NOMBRE DE PERSONA | |
| Nombre de persona | Sófocles |
| 245 #0 - MENCIÓN DEL TÍTULO | |
| Título | Tragedias / |
| Mención de responsabilidad, etc. | Sófocles |
| 260 ## - PUBLICACIÓN, DISTRIBUCIÓN, ETC. | |
| Nombre del editor, distribuidor, etc. | Biblioteca Edaf |
| 942 ## - ELEMENTOS DE ENTRADA SECUNDARIOS (KOHA) | |
| Tipo de ítem Koha | Libros |
| Estatus retirado | Estado de pérdida | Estado de daño | No para préstamo | Colección | Biblioteca de origen | Biblioteca actual | Ubicación en estantería | Fecha de adquisición | Número de inventario | Total de préstamos | Signatura topográfica completa | Código de barras | Visto por última vez | Copia número | Precio de reemplazo | Tipo de ítem Koha |
|---|---|---|---|---|---|---|---|---|---|---|---|---|---|---|---|---|
| General | Biblioteca Gonzalo Peláez Caldas | Biblioteca Gonzalo Peláez Caldas | Castellano | 28/03/2026 | 4930 | 882 So | 4930 | 28/03/2026 | 1 | 28/03/2026 | Libros |